Electronic payment systems (Record no. 11276)

MARC details
000 -LEADER
fixed length control field 00754nam a22002537i 4500
003 - CONTROL NUMBER IDENTIFIER
control field URS
005 - DATE AND TIME OF LATEST TRANSACTION
control field 20220117094517.0
008 - FIXED-LENGTH DATA ELEMENTS--GENERAL INFORMATION
fixed length control field 160813b xxu||||| |||| 00| 0 eng d
020 ## - INTERNATIONAL STANDARD BOOK NUMBER
International Standard Book Number 9789351111719
040 ## - CATALOGING SOURCE
Description conventions rda
Transcribing agency Business
Language of cataloging eng
050 00 - LIBRARY OF CONGRESS CALL NUMBER
Classification number HG.1710
Item number K1514 2013
082 ## - DEWEY DECIMAL CLASSIFICATION NUMBER
Classification number R.332.17809
Item number K15e 2013
100 1# - MAIN ENTRY--PERSONAL NAME
Personal name Kasera, Ashutosh,
Relator term author
245 10 - TITLE STATEMENT
Title Electronic payment systems
Statement of responsibility, etc. Ashutosh Kasera
264 ## - PRODUCTION, PUBLICATION, DISTRIBUTION, MANUFACTURE, AND COPYRIGHT NOTICE
Place of production, publication, distribution, manufacture New Delhi
Name of producer, publisher, distributor, manufacturer Random Publication
Date of production, publication, distribution, manufacture, or copyright notice 2013
300 ## - PHYSICAL DESCRIPTION
Extent [iv], 265 pages
Other physical details illustrationss
Dimensions 23.7 cm.
336 ## - CONTENT TYPE
Content type term text
Content type code rdacontent
337 ## - MEDIA TYPE
Media type term unmediated
Media type code rdamedia
338 ## - CARRIER TYPE
Carrier type term volume
Source RDACARRIER
500 ## - GENERAL NOTE
General note Includes index
650 ## - SUBJECT ADDED ENTRY--TOPICAL TERM
Topical term or geographic name entry element Electronic funds transfer...History.
650 ## - SUBJECT ADDED ENTRY--TOPICAL TERM
Topical term or geographic name entry element VISA International
942 ## - ADDED ENTRY ELEMENTS (KOHA)
Source of classification or shelving scheme Library of Congress Classification
Koha item type Foreign Books
Holdings
Withdrawn status Source of classification or shelving scheme Damaged status Not for loan Home library Current library Shelving location Date acquired Total Checkouts Full call number Barcode Date last seen Price effective from Koha item type
  Library of Congress Classification     Rodriguez College Library Rodriguez College Library Reference 08/13/2016   HG.1710 K1514 2013 URSROD-3993 08/13/2016 11/27/2018 Foreign Books

University of Rizal System
Email us at univlibservices@urs.edu.ph

Visit our Website www.urs.edu.ph/library